| 000 | 00496nam a2200181 i 4500 | ||
|---|---|---|---|
| 001 | bg | ||
| 100 | 1 | _aFRITZSCHE, Justus | |
| 245 | 0 |
_aTechnische gebaudeausrustung / _cvon Justus Fritzsche. |
|
| 250 | _a2 Aufl. | ||
| 260 |
_aBerlin : _bVerl. f. Bauwesen, _c[1967]. |
||
| 300 |
_as. 454, nlb. 2 : _brys., tab., tabl. |
||
| 504 | _a[Zawiera bibliogr. s. 455]. | ||
| 040 | _cBPK | ||
| 041 | _apol | ||
| 080 | _a628.1:628.3:696:697 | ||
| 942 | _cKS | ||
| 008 | s pl f |000 0 pol | ||
| 999 |
_c26164 _d26164 |
||
| 856 |
_uhttp://koha.tu.koszalin.pl/cgi-bin/koha/opac-detail.pl?biblionumber=26164 _yKatalog online BPK |
||